Racism in American education : a model for change /

Bibliographic Details
Main Author: Sedlacek, William E.
Other Authors: Brooks, Glenwood C.
Format: Book
Language:English
Published: Chicago : Nelson-Hall, [1976]
Subjects:

MARC

Tag First Indicator Second Indicator Subfields
LEADER 00000pam a2200000 i 4500
001 in00000463568
005 20151012163622.0
008 760302s1976 ilu b 00110 eng
010 |a  76006909  
020 |a 088229136X 
035 |a (OCoLC)02089627 
035 |9 ABZ6666AM 
040 |a DLC  |c DLC  |d m/c  |d TXA  |d UtOrBLW 
043 |a n-us--- 
049 |a TXAM  |c [1573309] 
050 0 0 |a LC212.2  |b .S42 
082 0 |a 370.19/342/0973 
100 1 |a Sedlacek, William E. 
245 1 0 |a Racism in American education :  |b a model for change /  |c William E. Sedlacek, Glenwood C. Brooks, Jr. 
264 1 |a Chicago :  |b Nelson-Hall,  |c [1976] 
264 4 |c ©1976 
300 |a xii, 226 pages ;  |c 23 cm. 
336 |a text  |b txt  |2 rdacontent 
337 |a unmediated  |b n  |2 rdamedia 
338 |a volume  |b nc  |2 rdacarrier 
504 |a Bibliography: pages 205-217. 
500 |a Includes indexes. 
650 0 |a Discrimination in education  |z United States. 
650 0 |a Race discrimination  |z United States. 
700 1 |a Brooks, Glenwood C. 
999 |a MARS 
999 f f |s a35c3de5-e44b-3688-bb2a-5f9a26c092cc  |i c424ef7d-0f94-38f4-96ad-9ebc0b1f03c5  |t 0 
952 f f |p normal  |a Texas A&M University  |b College Station  |c Sterling C. Evans Library  |d Evans: Library Stacks  |t 0  |e LC212.2 .S42  |h Library of Congress classification  |i unmediated -- volume  |m A14817444432 
998 f f |a LC212.2 .S42  |t 0  |l Evans: Library Stacks